000 01218nam a2200229Ia 4500
001 L235-10854
003 IT-CnALBA
008 170116s9999||||xx |||||||||||||| ||und||
040 _aIT-CnALBA
_cIT-CnALBA
041 _aITALIANO
100 _aLESCH FRANZ-XAVIER, OFM.
245 0 _aL'EROE DI AUSCHWITZ. P. MASSIMILIANO KOLBE.
250 _a1a ed.
260 _a PADOVA
_bMESSAGGERO EDIZIONI
_c1964 [1° Ed.:1964 - Ed.Ling.Originale: 1964]
300 _a50 p.
500 _aDONO DI CHIAVARINO SSP. MASSIMILIANO KOLBE. DOCUMENTAZIONE FOTOGRAFICA BIANCO E NERO FUORI TESTO. ADATTAMENTO SPIRITUALE. PIANO STRATEGICO PER UN GRUPPO DI SERVIZIO DEL BENE. ORGANIZZAZIONE DI UNA CITTA DELL'ORDINE. LETTURA DEL SEIBO NO KISCI DI P. KOLBE.
501 _aSocietà San Paolo EM - Piazza San Paolo, 14 - 12051 ALBA (CN) (non commercial uses only) ® Copyright 2017
520 _aDONO DI CHIAVARINO SSP. MASSIMILIANO KOLBE. DOCUMENTAZIONE FOTOGRAFICA BIANCO E NERO FUORI TESTO. ADATTAMENTO SPIRITUALE. PIANO STRATEGICO PER UN GRUPPO DI SERVIZIO DEL BENE. ORGANIZZAZIONE DI UNA CITTA DELL'ORDINE. LETTURA DEL SEIBO NO KISCI DI P. KOLBE.
650 _aMARIA SS. ANGELI SANTI DEMONI
942 _cBK
957 _71
999 _a15607
_bNO
_g Copie: 1
_c270031
_d270031